banner koha

Programa de Pesquisas Tecnologicas e Programa de Estudos Tecno-Economicos janeiro-abril 1972 [Sal; Recurso natural; Recurso da agua; Meteorologia; Evaporacao; Umidade ambiente; Brasil] (Registro n. 263779)

MARC details
000 -LÍDER
campo de controle de tamanho fixo 01008nac a22002897a 4500
001 - NÚMERO DE CONTROLE
campo de controle BR7200560
003 - IDENTIFICADOR DO NÚMERO DE CONTROLE
campo de controle BR-BrBNA
005 - DATA E HORÁRIO DA ÚLTIMA TRANSAÇÃO
campo de controle 20240105113439.0
008 - CAMPO DE DADOS FIXOS--INFORMAÇÃO GERAL
campo de controle de tamanho fixo 230509b bl.|||m| |||| 00| 0 por d
040 ## - FONTE DA CATALOGAÇÃO
Instituição da catalogação original BR-BrBNA
Idioma da catalogação por
Instituição que transcreveu o registro Biblioteca Nacional de Agricultura
072 ## - CÓDIGO DE CATEGORIA DE ASSUNTO
Código de Categoria de Assunto P00; P10; F10
090 ## - NÚMERO DE CHAMADA LOCAL
Número de chamada 3735 BR7200560
110 1# - ENTRADA PRINCIPAL--NOME CORPORATIVO
Nome corporativo ou nome da jurisdição Comissao Executiva do Sal, Rio de Janeiro, GB (Brasil)
9 (RLIN) 2151
245 1# - TÍTULO
Título Programa de Pesquisas Tecnologicas e Programa de Estudos Tecno-Economicos janeiro-abril 1972 [Sal; Recurso natural; Recurso da agua; Meteorologia; Evaporacao; Umidade ambiente; Brasil]
260 3# - PUBLICAÇÃO, DISTRIBUIÇÃO, ETC.
Local de publicação, distribuição, etc. Rio de Janeiro, GB (Brasil):
Data da publicação, distribuição, etc. 1972.
300 ## - DESCRIÇÃO FÍSICA
Extensão 21 p.
490 ## - TÍTULO DA SÉRIE
Título da série Boletim - Comissao Executiva do Sal (Brazil)
Número do volume ou designação sequencial da série no. 1
ISSN - International Standard Serial Number
650 ## - ASSUNTO--TERMO TÓPICO
Cabeçalho tópico ou nome geográfico RECURSO NATURAL
650 ## - ASSUNTO--TERMO TÓPICO
Cabeçalho tópico ou nome geográfico RECURSO HIDRICO
650 ## - ASSUNTO--TERMO TÓPICO
Cabeçalho tópico ou nome geográfico METEOROLOGIA
650 ## - ASSUNTO--TERMO TÓPICO
Cabeçalho tópico ou nome geográfico SAL
650 ## - ASSUNTO--TERMO TÓPICO
Cabeçalho tópico ou nome geográfico SALINA
650 ## - ASSUNTO--TERMO TÓPICO
Cabeçalho tópico ou nome geográfico EVAPORACAO
650 ## - ASSUNTO--TERMO TÓPICO
Cabeçalho tópico ou nome geográfico UMIDADE RELATIVA
909 ## -
-- 202312
-- Lúcia Elande
-- 55
-- Lúcia Elande
942 ## - ELEMENTOS DE ENTRADA ADICIONADOS (KOHA)
Fonte da classificação ou esquema de arquivamento na estante Classificação AGRIS
Ocultar no OPAC Não
Tipo de material Koha Monografia Seriada
Exemplares
Situação do descarte Fonte da classificação ou esquema de arquivamento na estante Situação física Não pode ser emprestado Coleção Biblioteca de origem Biblioteca atual Localização na estante Total de empréstimos Número de telefone completo Código de barras Data de último acesso Tipo de material Koha Fonte de aquisição
  Classificação AGRIS       Biblioteca Nacional de Agricultura - Binagri Biblioteca Nacional de Agricultura - Binagri Agrobase - Acervo Geral   3735 BR7200560 3735 BR7200560 18/12/2023 Monografia Seriada Portaria Interministerial nº 164/94

BINAGRI

Telefone: (61)3218-2567/2388/3357/2097 - binagri@agro.gov.br

Ministério da Agricultura e Pecuária , Esplanada dos Ministérios, Bloco D, Anexo B, Brasília/DF, CEP: 70.043-900